| 000 | 00705nam a22001817a 4500 | ||
|---|---|---|---|
| 005 | 20250902151211.0 | ||
| 010 | _aHIN-130323 | ||
| 020 |
_c250 _a9788119057993 |
||
| 035 | _aHN-102669 | ||
| 037 | _bDBAD | ||
| 082 | _a821 | ||
| 100 |
_aमोह मोनिका सिंह _984498 |
||
| 245 |
_aकविताई / _cमोनिका सिंह मोह _bकाव्य संग्रह |
||
| 260 |
_bफ्लोर आई टी पब्लिकेशन _c2024 |
||
| 300 |
_a78 पृ.; _c21 सेमी (अजिल्द) _bसचित्र |
||
| 700 |
_aमोनिका सिंह मोह _984491 |
||
| 942 |
_2ddc _cHN _h821 _mमोह |
||
| 999 |
_c213247 _d213247 |
||